Brisingr /
Prešlo len pár mesiacov, odkedy Eragon prvý raz vyslovil slovo "brisingr", ktoré v starodávnom jazyku znamená oheň. Odvtedy sa naučil čarovať a bojovať mečom i celým svojím srdcom. Počas kolosálnej bitky proti vojsku kráľa Galbatorixa na Horiacich pláňach Eragon s dračicou Zafirou len o vl...
Uloženo v:
| Série: | Odkaz Dračích jazdcov,
část 3 |
|---|---|
| Hlavní autor: | |
| Médium: | E-kniha |
| Jazyk: | Czech |
| Vydáno: |
Praha :
Albatros Media Slovakia s.r.o.,
2024
|
| Příbuzné jednotky: | Z cyklu::
Odkaz Dračích jazdcov |
| Tagy: |
Žádné tagy |
| LEADER | 01615nam a22002417i 4500 | ||
|---|---|---|---|
| 001 | 302662 | ||
| 007 | ta | ||
| 008 | 260514s2024 xr ||||| |||| 00| 0 cze d | ||
| 020 | |a 9788056641477 | ||
| 044 | |a xr | ||
| 100 | 1 | |a Paolini, Christopher |4 aut | |
| 245 | 1 | 0 | |a Brisingr / |c Paolini, Christopher |
| 240 | 1 | 0 | |a Brisingr |
| 264 | 1 | |a Praha : |b Albatros Media Slovakia s.r.o., |c 2024 | |
| 300 | |a 1 online zdroj (744 stran) | ||
| 336 | |a text |b txt |2 rdacontent | ||
| 337 | |a bez média |b n |2 rdamedia | ||
| 338 | |a online zdroj |b cr |2 rdacarrier | ||
| 520 | 2 | |a Prešlo len pár mesiacov, odkedy Eragon prvý raz vyslovil slovo "brisingr", ktoré v starodávnom jazyku znamená oheň. Odvtedy sa naučil čarovať a bojovať mečom i celým svojím srdcom. Počas kolosálnej bitky proti vojsku kráľa Galbatorixa na Horiacich pláňach Eragon s dračicou Zafirou len o vlások unikli smrti. Tým sa však ich boj ani zďaleka nekončí. Dračieho jazdca a jeho dračicu čakajú ďalšie ťažké skúšky v boji proti temnému zlu. A osud celého Kráľovstva a jeho obyvateľov je aj naďalej v ich rukách… | |
| 787 | 0 | 8 | |g 3 |i Z cyklu: |t Odkaz Dračích jazdcov |
| 910 | |a RBIT002 | ||
| 998 | |d 426844 |a https://core.palmknihy.cz/api/books/426844/cover?tesggu |b https://core.palmknihy.cz/api/books/426844/cover/400?tesggu |c https://core.palmknihy.cz/api/books/426844/cover/50?tesggu |e 2029-07-31 |g 744 |i 9788056641477 |j https://core.palmknihy.cz/api/books/426844/preview.epub |k https://core.palmknihy.cz/api/books/426844/preview.pdf |l |q 49 |r 1 |s https://www.palmknihy.cz/kniha/426844 |t ebook |y 2024 |z 1 |v Odkaz Dračích jazdcov |w 3 | ||
| 999 | |d 302660 | ||